000 01258cam a22002651 4500
001 agr29000299
003 DLC
005 20260227110948.0
008 740521s1928 xx 100 0 eng
010 _aagr29000299
035 _a(OCoLC)891561
040 _aDLC
_cDDOT
_dOCoLC
_dDLC
041 0 _aenggerfrespa
042 _apremarc
050 0 0 _aS590
_b.I6 1927
111 2 _aInternational Congress of Soil Science
_n(1st :
_d1927 :
_cWashington, D.C.)
245 0 0 _aProceedings and papers.
_cEdited under the supervision of the Executive Committee of the American Organizing Committee by R.B. Deemer, assisted by P.R. Dawson and A.R. Merz.
260 _aWashington,
_bAmerican Organizing Committee of the First International Congress of Soil Sciences,
_c1928.
300 _a5 v. in 3.
_billus., ports., maps, diagrs.
_c25 cm.
500 _aPapers in English, German, French, or Spanish.
504 _aIncludes bibliographies.
505 0 _av. 1 pt. 1. Proceedings. pt. 2. Commission I.--v. 2. Commission II.--v. 3. Commission III and Commission IV.--v. 4. Commission V and Commission VI.--v. 5. Transcontinental excursion and impressions of the congress and of America.
650 0 _aSoils
_vCongresses.
700 1 _aDeemer, Ralph Barbour,
_d1885-
_eed.
999 _c9250
_d9250